| 000 | 01718cam a2200361 i 4500 | ||
|---|---|---|---|
| 001 | 22834060 | ||
| 005 | 20250416144630.0 | ||
| 008 | 221019s2023 nju b 001 0 eng | ||
| 010 | _a 2022049657 | ||
| 020 | _a9789811263712 | ||
| 020 | _z9789811263729 | ||
| 020 | _z9789811263736 | ||
| 041 | _aeng | ||
| 042 | _apcc | ||
| 043 |
_aa-cc--- _aa-ii--- _aaz----- |
||
| 082 | 0 | 0 | _a327.510 MOH |
| 100 | _aRaja Mohan, C., | ||
| 245 | 0 | 0 | _aCoping With China India Rivalry :South Asian Dilemmas |
| 260 |
_aLondon _bWorld Scientific Publishing Co Pte Ltd _c2023 |
||
| 264 | 1 |
_aNew Jersey : _bWorld Scientific, _c[2023] |
|
| 300 | _aviii, 129 pages ; 24 cm | ||
| 336 |
_atext _btxt _2rdacontent |
||
| 337 |
_aunmediated _bn _2rdamedia |
||
| 338 |
_avolume _bnc _2rdacarrier |
||
| 504 | _aIncludes bibliographical references and index. | ||
| 520 | _a"This volume brings multiple regional voices to assess how the various South Asian nations are dealing with the growing rivalry between India and China. Many of the chapters in this volume were initially published as shorter essays by the Institute of South Asian Studies in its South Asia Discussion Papers series in 2020. Those essays have been updated and expanded in this volume. Additional contributions have also been commissioned to enrich the special perspectives that this volume presents"-- | ||
| 650 | _aChina Foreign Relations India; China Foreign Relations; South Asia India Foreign Relations ; India Foreign Relations | ||
| 700 | 1 | _aRaja Mohan, C., | |
| 700 | 1 | _aSingh, Hernaikh, | |
| 906 |
_a7 _bcbc _corignew _d1 _eecip _f20 _gy-gencatlg |
||
| 942 | _cBK | ||
| 999 |
_c43614 _d43614 |
||